|
|
|
|
| LEADER |
00000cam a2200000 7i4500 |
| 001 |
0000003241 |
| 005 |
20220105103943.0 |
| 008 |
070718 |
| 020 |
|
|
|a 1904351239
|
| 090 |
0 |
0 |
|a JP
|b ENG (3728)
|
| 100 |
1 |
|
|a Jean
|
| 245 |
1 |
0 |
|a Look after their pets
|c Jean
|
| 260 |
|
|
|a London :
|b Ladybird Books
|
| 440 |
|
0 |
|a Topsy and Tim
|
| 500 |
|
|
|a Children age 4-6 years old (yellow)
|
| 650 |
|
0 |
|a English Fiction
|
| 650 |
|
0 |
|a Junior preschool
|x English
|x Languages
|
| 700 |
0 |
|
|a Adamson, Gareth
|
| 710 |
0 |
|
|a Title
|
| 999 |
|
|
|a 0000961540
|b Book
|c Children Collection
|e Perbadanan Perpustakaan Awam Johor
|
| 999 |
|
|
|a 0000961541
|b Book
|c Children Collection
|e Perbadanan Perpustakaan Awam Johor
|
| 999 |
|
|
|a 0000961542
|b Book
|c Children Collection
|e Cawangan Bandar Penawar
|